Normal view
MARC view
Entry Personal Name
001 - CONTROL NUMBER
- control field: 16496
003 - CONTROL NUMBER IDENTIFIER
- control field: HDC
005 - DATE AND TIME OF LATEST TRANSACTION
- control field: 20230624073501.0
008 - FIXED-LENGTH DATA ELEMENTS
- fixed length control field: 210222|| aca||aabn | a|a d
040 ## - CATALOGING SOURCE
- Original cataloging agency: HDC
- Transcribing agency: HDC
100 ## - HEADING--PERSONAL NAME
- Personal name: Gould, Joe
670 ## - SOURCE DATA FOUND
- Source citation: Work cat.: (HDC): Gould, Joe author, Kosher, halal MREs feed religious diversity / by, 2010
